Pokemon der Arenaleiter Galar - Statistiken

Allgemein
  • Dieses Quiz wurde 41 mal gespielt
  • Das Durchschnittsergebnis liegt bei 29 aus 36
Antwortstatistiken
Hint Pokemon % Korrekt
Infernopodö
100%
Yarro Cottini
94%
Cottomi
94%
Gengar
94%
Machomei
94%
Barrikadax
92%
Duraludon
92%
Kamalm
89%
Pikuda
89%
Lapras
86%
Mel (SH) Mottineva
86%
Pokusan
86%
Arkani
83%
Montecarbo
83%
Kabu Vulnona
83%
Roy Brockoloss
81%
Kate Goldini
81%
Humanolith
81%
Lauchzelot
81%
Libelldra
81%
Saida (SW) Kapoera
78%
Skuntank
78%
Papella Smogmog
78%
Gorgasonn
75%
Kubuin
75%
Sanaconda
75%
Flunkifer
72%
Nio (SH) Makabaja
72%
Togekiss
72%
Calamanero
69%
Flampivian
69%
Pandagro
69%
Nezz Irokex
67%
Mimigma
67%
Pottrott
67%
Mac (SW) Thanathora
67%
Keine übereinstimmenden Quizze gefunden
Verteilung der Resultate
Anzahl Personen mit jedem Resultat
Perzentil nach korrekt beantworteten Fragen
Ihre Resultats-Entwicklung
Sie haben dieses Quiz noch nicht gespielt